[Event "2024 National Middle School Championship"]
[Site "Atlanta, Georgia, United States"]
[Date "2024.05.11"]
[Round "3.15"]
[White "Karabulut, Onur"]
[Black "Movva, Dhruva Ram"]
[Result "1-0"]
[TimeControl "G/90;d10"]
[WhiteElo "1661"]
[BlackElo "1446"]

1. e4 {[%clk 01:30:00]} {[%emt 00:54:18]} e5 {[%clk 01:30:00]} {[%emt
00:00:04]} 2. Nf3 {[%clk 01:30:00]} {[%emt 00:00:09]} Nf6 {[%clk 01:30:00]}
{[%emt 00:00:09]} 3. Nc3 {[%clk 01:30:00]} {[%emt 00:00:04]} Nc6 {[%emt
00:00:31]} 4. Bb5 {[%clk 01:29:52]} {[%emt 00:00:02]} Bc5 {[%clk 01:29:34]}
{[%emt 00:00:32]} 5. Bxc6 {[%clk 01:29:35]} {[%emt 00:00:27]} dxc6 {[%clk
01:29:21]} {[%emt 00:00:23]} 6. h3 {[%clk 01:29:35]} {[%emt 00:00:10]} O-O
{[%clk 01:28:59]} {[%emt 00:00:31]} 7. O-O {[%clk 01:29:30]} {[%emt 00:00:14]}
Re8 {[%clk 01:28:48]} {[%emt 00:00:23]} 8. d3 {[%clk 01:29:30]} {[%emt
00:00:10]} h6 {[%clk 01:28:48]} {[%emt 00:00:08]} 9. Qe2 {[%clk 01:29:19]}
{[%emt 00:00:21]} Nh5 {[%clk 01:28:09]} {[%emt 00:00:49]} 10. Be3 {[%clk
01:27:39]} {[%emt 00:01:50]} Bxe3 {[%clk 01:27:21]} {[%emt 00:00:58]} 11. Qxe3
{[%clk 01:27:39]} {[%emt 00:00:07]} Qf6 {[%clk 01:25:13]} {[%emt 00:02:18]} 12.
Ne2 {[%clk 01:27:13]} {[%emt 00:00:36]} Kh7 {[%clk 01:12:33]} {[%emt 00:12:50]}
13. Ng3 {[%clk 01:27:07]} {[%emt 00:00:16]} Nxg3 {[%clk 01:09:47]} {[%emt
00:02:57]} 14. fxg3 {[%clk 01:27:03]} {[%emt 00:00:14]} Qg6 {[%clk 01:09:35]}
{[%emt 00:00:21]} 15. Nh4 {[%clk 01:26:51]} {[%emt 00:00:20]} Qg5 {[%clk
01:08:17]} {[%emt 00:01:30]} 16. Qxg5 {[%clk 01:26:03]} {[%emt 00:00:59]} hxg5
{[%clk 01:08:08]} {[%emt 00:00:19]} 17. Nf3 {[%clk 01:26:03]} {[%emt 00:00:01]}
f6 {[%clk 01:06:51]} {[%emt 00:01:27]} 18. g4 {[%clk 01:25:22]} {[%emt
00:00:51]} c5 {[%clk 01:06:31]} {[%emt 00:00:30]} 19. a4 {[%clk 01:24:28]}
{[%emt 00:01:04]} Bd7 {[%clk 01:06:08]} {[%emt 00:00:32]} 20. Nd2 {[%emt
00:00:16]} Be6 {[%clk 01:04:55]} {[%emt 00:01:21]} 21. b3 {[%clk 01:23:57]}
{[%emt 00:00:38]} Rad8 {[%clk 01:04:22]} {[%emt 00:00:42]} 22. Nb1 {[%clk
01:22:34]} {[%emt 00:01:33]} Re7 {[%clk 01:03:33]} {[%emt 00:00:59]} 23. Nc3
{[%clk 01:21:05]} {[%emt 00:01:39]} c6 {[%clk 01:03:33]} {[%emt 00:00:09]} 24.
a5 {[%clk 01:21:02]} {[%emt 00:00:12]} Red7 {[%clk 01:01:43]} {[%emt 00:02:00]}
25. Na4 {[%clk 01:19:53]} {[%emt 00:01:20]} c4 {[%clk 00:59:17]} {[%emt
00:02:36]} 26. bxc4 {[%clk 01:19:43]} {[%emt 00:00:20]} Rc7 {[%clk 00:57:53]}
{[%emt 00:01:33]} 27. Nc5 {[%clk 01:19:38]} {[%emt 00:00:16]} Bc8 {[%clk
00:57:53]} {[%emt 00:00:08]} 28. Rfb1 {[%clk 01:19:35]} {[%emt 00:00:13]} Re8
{[%clk 00:57:17]} {[%emt 00:00:47]} 29. Rb2 {[%clk 01:19:17]} {[%emt 00:00:28]}
Ree7 {[%clk 00:56:44]} {[%emt 00:00:43]} 30. Na4 {[%clk 01:18:53]} {[%emt
00:00:35]} Kg6 {[%clk 00:56:10]} {[%emt 00:00:43]} 31. Kf2 {[%clk 01:18:48]}
{[%emt 00:00:16]} Kf7 {[%clk 00:55:43]} {[%emt 00:00:36]} 32. Kg3 {[%clk
01:18:48]} {[%emt 00:00:10]} Re8 {[%clk 00:55:26]} {[%emt 00:00:27]} 33. Nc5
{[%clk 01:18:19]} {[%emt 00:00:39]} Kg6 {[%clk 00:54:22]} {[%emt 00:01:13]} 34.
Rab1 {[%clk 01:18:05]} {[%emt 00:00:24]} Ree7 {[%clk 00:54:22]} {[%emt
00:00:10]} 35. Nb3 {[%clk 01:16:35]} {[%emt 00:01:40]} Re8 {[%clk 00:53:48]}
{[%emt 00:00:44]} 36. Nd2 {[%clk 01:16:35]} {[%emt 00:00:07]} Kf7 {[%clk
00:53:15]} {[%emt 00:00:43]} 37. Nf1 {[%clk 01:16:35]} {[%emt 00:00:07]} Ree7
{[%clk 00:52:36]} {[%emt 00:00:50]} 38. Ne3 {[%clk 01:16:35]} {[%emt 00:00:08]}
g6 {[%clk 00:52:36]} {[%emt 00:00:06]} 39. c5 {[%clk 01:16:30]} {[%emt
00:00:16]} Be6 {[%clk 00:51:46]} {[%emt 00:00:58]} 40. Rh1 {[%clk 01:16:13]}
{[%emt 00:00:28]} Re8 {[%clk 00:51:01]} {[%emt 00:00:55]} 41. h4 {[%clk
01:15:55]} {[%emt 00:00:28]} Rh8 {[%clk 00:50:49]} {[%emt 00:00:22]} 42. h5
{[%clk 01:15:50]} {[%emt 00:00:15]} Kg7 {[%clk 00:50:16]} {[%emt 00:00:43]} 43.
Rbb1 {[%clk 01:15:36]} {[%emt 00:00:24]} Rh6 {[%clk 00:46:45]} {[%emt
00:03:40]} 44. hxg6 {[%clk 01:15:04]} {[%emt 00:00:43]} Kxg6 {[%clk 00:46:38]}
{[%emt 00:00:17]} 45. Rxh6+ {[%clk 01:15:03]} {[%emt 00:00:11]} Kxh6 {[%clk
00:46:38]} {[%emt 00:00:05]} 46. Nf5+ {[%clk 01:15:01]} {[%emt 00:00:12]} Bxf5
{[%clk 00:45:46]} {[%emt 00:01:02]} 47. gxf5 {[%clk 01:15:01]} {[%emt
00:00:08]} a6 {[%clk 00:44:51]} {[%emt 00:01:06]} 48. Kf3 {[%clk 01:14:53]}
{[%emt 00:00:18]} Rd7 {[%clk 00:43:40]} {[%emt 00:01:21]} 49. g4 {[%clk
01:14:35]} {[%emt 00:00:27]} Kg7 {[%clk 00:43:30]} {[%emt 00:00:21]} 50. Ke3
{[%clk 01:14:35]} {[%emt 00:00:08]} Kf7 {[%clk 00:43:00]} {[%emt 00:00:39]} 51.
c3 {[%clk 01:14:35]} {[%emt 00:00:07]} Ke7 {[%clk 00:42:21]} {[%emt 00:00:49]}
52. Rh1 {[%clk 01:14:29]} {[%emt 00:00:16]} Kd8 {[%clk 00:42:09]} {[%emt
00:00:23]} 53. Rh8+ {[%clk 01:14:03]} {[%emt 00:00:35]} Ke7 {[%clk 00:40:38]}
{[%emt 00:01:41]} 54. Rh7+ {[%clk 01:13:33]} {[%emt 00:00:41]} Kd8 {[%clk
00:40:38]} {[%emt 00:00:06]} 55. Rh6 {[%clk 01:13:33]} {[%emt 00:00:06]} Ke7
{[%clk 00:40:20]} {[%emt 00:00:27]} 56. d4 {[%clk 01:13:31]} {[%emt 00:00:13]}
exd4+ {[%clk 00:40:06]} {[%emt 00:00:22]} 57. cxd4 {[%clk 01:13:31]} {[%emt
00:00:07]} Kf7 {[%clk 00:39:16]} {[%emt 00:01:00]} 58. Rh7+ {[%clk 01:13:09]}
{[%emt 00:00:32]} Ke8 {[%clk 00:39:16]} {[%emt 00:00:06]} 59. Rxd7 {[%clk
01:12:48]} {[%emt 00:00:32]} Kxd7 {[%clk 00:39:16]} {[%emt 00:00:08]} 60. e5
{[%clk 01:12:48]} {[%emt 00:00:05]} Ke8 {[%clk 00:37:38]} {[%emt 00:01:47]} 61.
Ke4 {[%clk 01:12:24]} {[%emt 00:00:34]} Kf7 {[%clk 00:35:56]} {[%emt 00:01:52]}
62. exf6 {[%clk 01:11:00]} {[%emt 00:01:34]} Kxf6 {[%clk 00:35:56]} {[%emt
00:00:08]} 63. d5 {[%clk 01:11:00]} {[%emt 00:00:03]} Kf7 {[%clk 00:35:31]}
{[%emt 00:00:34]} 64. dxc6 {[%clk 01:10:59]} {[%emt 00:00:12]} bxc6 {[%clk
00:35:31]} {[%emt 00:00:09]} 65. Ke5 {[%clk 01:10:59]} {[%emt 00:00:01]} Ke7
{[%clk 00:35:31]} {[%emt 00:00:09]} 66. f6+ {[%clk 01:10:59]} {[%emt 00:00:02]}
Kf7 {[%clk 00:35:31]} {[%emt 00:00:07]} 67. Kf5 {[%clk 01:10:59]} Kf8 {[%clk
00:35:31]} {[%emt 00:00:04]} 68. Kxg5 {[%clk 01:10:59]} {[%emt 00:00:01]} Kf7
{[%clk 00:35:31]} {[%emt 00:00:02]} 69. Kf5 {[%clk 01:10:59]} {[%emt 00:00:01]}
Ke8 {[%clk 00:35:31]} {[%emt 00:00:03]} 70. Ke6 {[%clk 01:10:59]} Kf8 {[%clk
00:35:29]} {[%emt 00:00:12]} 71. Kd6 {[%clk 01:10:59]} {[%emt 00:00:01]} Kf7
{[%clk 00:35:29]} {[%emt 00:00:04]} 72. Kxc6 {[%clk 01:10:59]} {[%emt
00:00:02]} Kxf6 {[%clk 00:35:29]} {[%emt 00:00:01]} 73. Kb6 {[%clk 01:10:59]}
{[%emt 00:00:01]} Ke6 {[%clk 00:35:29]} {[%emt 00:00:09]} 74. Kxa6 {[%clk
01:10:59]} {[%emt 00:00:02]} Kd5 {[%clk 00:35:29]} {[%emt 00:00:03]} 75. Kb6
{[%clk 01:10:59]} {[%emt 00:00:02]} Ke6 {[%clk 00:35:29]} {[%emt 00:00:03]} 76.
a6 {[%clk 01:10:59]} {[%emt 00:00:02]} Ke7 {[%clk 00:35:29]} {[%emt 00:00:04]}
77. a7 {[%clk 01:10:59]} Kd7 {[%clk 00:35:29]} {[%emt 00:00:01]} 78. a8=Q
{[%clk 01:10:59]} {[%emt 00:00:04]} Ke6 {[%clk 00:35:29]} {[%emt 00:00:02]} 79.
Qe4 {[%clk 01:10:59]} {[%emt 00:00:02]} Kd7 {[%clk 00:35:29]} {[%emt 00:00:03]}
80. Qc6+ {[%clk 01:10:59]} Ke7 {[%clk 00:35:29]} {[%emt 00:00:01]} 81. Kb5
{[%clk 01:10:59]} {[%emt 00:00:02]} Kf7 {[%clk 00:35:29]} {[%emt 00:00:04]} 82.
Kc4 {[%emt 00:00:03]} Ke7 {[%clk 00:35:29]} {[%emt 00:00:02]} 83. Kd5 {[%clk
01:10:59]} Kd8 {[%clk 00:35:29]} {[%emt 00:00:02]} 84. Qb7 {[%clk 01:10:59]}
{[%emt 00:00:02]} Ke8 {[%clk 00:35:29]} {[%emt 00:00:02]} 85. Ke6 {[%clk
01:10:59]} {[%emt 00:00:01]} Kf8 {[%clk 00:35:29]} {[%emt 00:00:02]} 86. Qf7#
1-0

[Event "2024 National Middle School Championship"]
[Site "Atlanta, Georgia, United States"]
[Date "2024.05.11"]
[Round "3.16"]
[White "Chen, Angelique Lee"]
[Black "Raghuraman, Advaith"]
[Result "0-1"]
[TimeControl "G/90;d10"]
[WhiteElo "1444"]
[BlackElo "1567"]

1. e4 {[%clk 01:30:00]} {[%emt 00:00:02]} c6 {[%clk 01:29:54]} {[%emt
00:00:18]} 2. d4 {[%clk 01:29:58]} {[%emt 00:00:13]} d5 {[%clk 01:29:54]}
{[%emt 00:00:04]} 3. e5 {[%clk 01:29:56]} {[%emt 00:00:12]} c5 {[%clk
01:29:54]} {[%emt 00:00:07]} 4. c3 {[%clk 01:29:56]} {[%emt 00:00:09]} cxd4
{[%clk 01:27:16]} {[%emt 00:02:48]} 5. cxd4 {[%clk 01:29:56]} {[%emt 00:00:10]}
Nc6 {[%clk 01:27:02]} {[%emt 00:00:24]} 6. Nc3 {[%clk 01:29:20]} {[%emt
00:00:46]} e6 {[%clk 01:25:15]} {[%emt 00:01:57]} 7. Nf3 {[%clk 01:29:15]}
{[%emt 00:00:15]} Nge7 {[%clk 01:24:31]} {[%emt 00:00:54]} 8. Bg5 {[%clk
01:27:53]} {[%emt 00:01:31]} h6 {[%clk 01:21:52]} {[%emt 00:02:50]} 9. Bh4
{[%clk 01:27:12]} {[%emt 00:00:49]} Qb6 {[%clk 01:18:08]} {[%emt 00:03:55]} 10.
Rb1 {[%clk 01:26:00]} {[%emt 00:01:22]} Nf5 {[%clk 01:16:45]} {[%emt 00:01:34]}
11. Bb5 {[%clk 01:25:50]} {[%emt 00:00:20]} Nxh4 {[%clk 01:10:43]} {[%emt
00:06:12]} 12. Nxh4 {[%clk 01:25:34]} {[%emt 00:00:25]} Be7 {[%clk 01:08:55]}
{[%emt 00:01:58]} 13. Nf3 {[%clk 01:22:31]} {[%emt 00:03:14]} a6 {[%clk
01:04:06]} {[%emt 00:04:59]} 14. Bxc6+ {[%clk 01:21:31]} {[%emt 00:01:09]} bxc6
{[%clk 01:03:48]} {[%emt 00:00:28]} 15. O-O {[%clk 01:21:14]} {[%emt 00:00:27]}
Bd7 {[%clk 00:55:45]} {[%emt 00:08:13]} 16. Na4 {[%clk 01:19:28]} {[%emt
00:01:56]} Qb5 {[%clk 00:50:43]} {[%emt 00:05:11]} 17. Qc2 {[%clk 01:18:50]}
{[%emt 00:00:48]} O-O {[%clk 00:50:04]} {[%emt 00:00:50]} 18. Nc5 {[%clk
01:17:43]} {[%emt 00:01:17]} Bxc5 {[%clk 00:49:23]} {[%emt 00:00:52]} 19. dxc5
{[%clk 01:17:43]} {[%emt 00:00:08]} f6 {[%clk 00:47:22]} {[%emt 00:02:12]} 20.
exf6 {[%clk 01:15:21]} {[%emt 00:02:32]} Rxf6 {[%clk 00:47:21]} {[%emt
00:00:10]} 21. Ne5 {[%clk 01:15:13]} {[%emt 00:00:16]} Qb7 {[%clk 00:41:44]}
{[%emt 00:05:50]} 22. Qc3 {[%clk 01:10:23]} {[%emt 00:04:58]} Raf8 {[%clk
00:34:58]} {[%emt 00:06:55]} 23. Qd3 {[%clk 01:05:42]} {[%emt 00:04:53]} Be8
{[%clk 00:33:19]} {[%emt 00:01:50]} 24. b4 {[%clk 01:01:18]} {[%emt 00:04:34]}
Rf5 {[%clk 00:30:38]} {[%emt 00:02:51]} 25. Nf3 {[%clk 01:00:25]} {[%emt
00:01:00]} e5 {[%clk 00:29:31]} {[%emt 00:01:19]} 26. Qe2 {[%clk 00:59:46]}
{[%emt 00:00:48]} Bh5 {[%clk 00:28:43]} {[%emt 00:00:59]} 27. Rb3 {[%clk
00:58:57]} {[%emt 00:00:59]} e4 {[%clk 00:28:08]} {[%emt 00:00:45]} 28. h3
{[%clk 00:58:43]} {[%emt 00:00:23]} exf3 {[%clk 00:27:19]} {[%emt 00:00:59]} 29.
Qe6+ {[%clk 00:58:43]} {[%emt 00:00:10]} Qf7 {[%clk 00:26:22]} {[%emt
00:01:06]} 30. Qxc6 {[%clk 00:57:44]} {[%emt 00:01:10]} fxg2 {[%clk 00:26:00]}
{[%emt 00:00:32]} 31. Rfb1 {[%clk 00:55:00]} {[%emt 00:02:51]} Rxf2 {[%clk
00:25:19]} {[%emt 00:00:54]} 32. Qxa6 {[%clk 00:54:07]} {[%emt 00:01:03]} Rf1+
{[%clk 00:25:05]} {[%emt 00:00:23]} 33. Rxf1 {[%clk 00:53:49]} {[%emt
00:00:28]} gxf1=Q+ {[%emt 00:00:12]} 34. Qxf1 {[%emt 00:00:18]} Qxf1+ {[%clk
00:24:40]} {[%emt 00:00:05]} 35. Kh2 {[%clk 00:53:37]} {[%emt 00:00:22]} Rf2+
{[%clk 00:24:40]} {[%emt 00:00:05]} 36. Kg3 {[%clk 00:53:29]} {[%emt 00:00:19]}
Qg2+ {[%clk 00:24:40]} {[%emt 00:00:04]} 37. Kh4 {[%clk 00:53:29]} {[%emt
00:00:03]} Qg5# {[%emt 00:00:13]} 0-1

[Event "2024 National Middle School Championship"]
[Site "Atlanta, Georgia, United States"]
[Date "2024.05.11"]
[Round "3.17"]
[White "Biswas, Aritra"]
[Black "Herrera, Tommy"]
[Result "1/2-1/2"]
[TimeControl "G/90;d10"]
[WhiteElo "1276"]
[BlackElo "1395"]

1. e4 {[%clk 01:30:00]} {[%emt 00:00:04]} c6 {[%clk 01:30:00]} {[%emt
00:00:04]} 2. d4 {[%clk 01:30:00]} {[%emt 00:00:10]} d5 {[%clk 01:30:00]}
{[%emt 00:00:04]} 3. e5 {[%clk 01:30:00]} {[%emt 00:00:07]} Bf5 {[%clk
01:30:00]} {[%emt 00:00:05]} 4. Nf3 {[%clk 01:29:55]} {[%emt 00:00:16]} e6
{[%clk 01:30:00]} {[%emt 00:00:06]} 5. Be2 {[%clk 01:29:43]} {[%emt 00:00:22]}
Nd7 {[%clk 01:30:00]} {[%emt 00:00:08]} 6. O-O {[%clk 01:29:34]} {[%emt
00:00:17]} Rc8 {[%clk 01:29:52]} {[%emt 00:00:20]} 7. c4 {[%clk 01:28:43]}
{[%emt 00:01:02]} Ne7 {[%clk 01:28:41]} {[%emt 00:01:21]} 8. Nc3 {[%clk
01:26:57]} {[%emt 00:01:55]} Ng6 {[%clk 01:26:30]} {[%emt 00:02:22]} 9. Qb3
{[%clk 01:24:10]} {[%emt 00:02:57]} Qb6 {[%clk 01:26:11]} {[%emt 00:00:29]} 10.
Qxb6 {[%clk 01:21:33]} {[%emt 00:02:48]} Nxb6 {[%clk 01:26:11]} {[%emt
00:00:10]} 11. cxd5 {[%clk 01:19:58]} {[%emt 00:01:44]} cxd5 {[%clk 01:24:26]}
{[%emt 00:01:54]} 12. Bd2 {[%clk 01:17:57]} {[%emt 00:02:11]} Nc4 {[%clk
01:21:23]} {[%emt 00:03:13]} 13. Bg5 {[%clk 01:13:02]} {[%emt 00:05:05]} a6
{[%clk 01:18:35]} {[%emt 00:02:59]} 14. b3 {[%clk 01:08:37]} {[%emt 00:04:36]}
Ncxe5 {[%clk 01:15:44]} {[%emt 00:03:00]} 15. Nxe5 {[%clk 01:06:11]} {[%emt
00:02:36]} Nxe5 {[%clk 01:15:40]} {[%emt 00:00:14]} 16. dxe5 {[%clk 01:06:08]}
{[%emt 00:00:14]} Rxc3 {[%clk 01:15:32]} {[%emt 00:00:17]} 17. Rac1 {[%clk
01:05:02]} {[%emt 00:01:16]} Bb4 {[%clk 01:06:36]} {[%emt 00:09:05]} 18. a3
{[%clk 01:03:49]} {[%emt 00:01:24]} Ba5 {[%clk 01:03:58]} {[%emt 00:02:47]} 19.
b4 {[%clk 01:03:27]} {[%emt 00:00:33]} Rxc1 {[%clk 01:03:49]} {[%emt 00:00:19]}
20. Rxc1 {[%clk 01:03:20]} {[%emt 00:00:17]} Bd8 {[%clk 01:03:49]} {[%emt
00:00:05]} 21. Be3 {[%clk 01:01:34]} {[%emt 00:01:55]} Kd7 {[%clk 00:58:09]}
{[%emt 00:05:51]} 22. b5 {[%clk 01:00:53]} {[%emt 00:00:51]} a5 {[%clk
00:56:22]} {[%emt 00:01:56]} 23. b6 {[%clk 01:00:00]} {[%emt 00:01:04]} f6
{[%clk 00:55:16]} {[%emt 00:01:17]} 24. Bb5+ {[%clk 00:57:20]} {[%emt
00:02:50]} Ke7 {[%clk 00:54:56]} {[%emt 00:00:29]} 25. exf6+ {[%clk 00:55:36]}
{[%emt 00:01:54]} gxf6 {[%clk 00:54:22]} {[%emt 00:00:44]} 26. Rc8 {[%clk
00:54:18]} {[%emt 00:01:27]} e5 {[%clk 00:52:53]} {[%emt 00:01:39]} 27. Bc5+
{[%clk 00:53:38]} {[%emt 00:00:50]} Kf7 {[%clk 00:51:59]} {[%emt 00:01:03]} 28.
Rb8 {[%clk 00:53:31]} {[%emt 00:00:18]} Rg8 {[%clk 00:49:53]} {[%emt 00:02:16]}
29. Rxb7+ {[%clk 00:53:12]} {[%emt 00:00:29]} Kg6 {[%clk 00:49:52]} {[%emt
00:00:11]} 30. Rb8 {[%clk 00:52:22]} {[%emt 00:01:01]} Be6 {[%clk 00:48:42]}
{[%emt 00:01:17]} 31. b7 {[%clk 00:51:14]} {[%emt 00:01:20]} Bc7 {[%clk
00:47:21]} {[%emt 00:01:31]} 32. Be8+ {[%clk 00:49:21]} {[%emt 00:02:03]} Bf7
{[%clk 00:46:02]} {[%emt 00:01:28]} 33. Bxf7+ {[%clk 00:49:15]} {[%emt
00:00:16]} Kxf7 {[%clk 00:46:02]} {[%emt 00:00:08]} 34. Rxg8 {[%clk 00:48:25]}
{[%emt 00:01:00]} Kxg8 {[%clk 00:45:55]} {[%emt 00:00:15]} 35. Ba7 {[%clk
00:48:25]} {[%emt 00:00:08]} Kf7 {[%clk 00:45:31]} {[%emt 00:00:35]} 36. b8=Q
{[%clk 00:48:25]} {[%emt 00:00:04]} Bxb8 {[%clk 00:45:28]} {[%emt 00:00:12]} 37.
Bxb8 {[%clk 00:48:25]} {[%emt 00:00:03]} Ke6 {[%clk 00:45:19]} {[%emt
00:00:19]} 38. Bc7 {[%clk 00:48:00]} {[%emt 00:00:35]} a4 {[%clk 00:45:15]}
{[%emt 00:00:14]} 39. Kf1 {[%clk 00:47:49]} {[%emt 00:00:21]} d4 {[%clk
00:45:15]} {[%emt 00:00:06]} 40. Ke2 {[%clk 00:47:21]} {[%emt 00:00:37]} f5
{[%clk 00:44:53]} {[%emt 00:00:32]} 41. Kd3 {[%clk 00:47:00]} {[%emt 00:00:32]}
Kd5 {[%clk 00:44:46]} {[%emt 00:00:16]} 42. f3 {[%clk 00:46:22]} {[%emt
00:00:48]} e4+ {[%clk 00:44:40]} {[%emt 00:00:16]} 43. fxe4+ {[%clk 00:46:02]}
{[%emt 00:00:31]} fxe4+ {[%clk 00:44:40]} {[%emt 00:00:03]} 44. Kd2 {[%clk
00:45:54]} {[%emt 00:00:18]} Kc4 {[%clk 00:43:46]} {[%emt 00:01:04]} 45. Ba5
{[%clk 00:45:25]} {[%emt 00:00:40]} Kd5 {[%clk 00:42:46]} {[%emt 00:01:10]} 46.
g4 {[%clk 00:45:13]} {[%emt 00:00:22]} Ke5 {[%clk 00:42:21]} {[%emt 00:00:34]}
47. Bc7+ {[%clk 00:44:42]} {[%emt 00:00:41]} Ke6 {[%clk 00:39:43]} {[%emt
00:02:47]} 48. h4 {[%clk 00:44:32]} {[%emt 00:00:21]} Kd5 {[%clk 00:37:54]}
{[%emt 00:02:00]} 49. h5 {[%clk 00:44:16]} {[%emt 00:00:26]} Ke6 {[%clk
00:37:47]} {[%emt 00:00:17]} 50. Bb6 {[%clk 00:43:00]} {[%emt 00:01:26]} Ke5
{[%clk 00:32:44]} {[%emt 00:05:12]} 1/2-1/2

[Event "2024 National Middle School Championship"]
[Site "Atlanta, Georgia, United States"]
[Date "2024.05.11"]
[Round "3.18"]
[White "Kalavagunta, Saanvika C"]
[Black "Escobar, Andres Alejandro"]
[Result "1-0"]
[TimeControl "G/90;d10"]
[WhiteElo "1097"]
[BlackElo "1021"]

1. e4 {[%clk 01:30:00]} {[%emt 00:57:17]} e5 {[%clk 01:30:00]} {[%emt
00:00:05]} 2. Nf3 {[%clk 01:30:00]} {[%emt 00:00:18]} Nc6 {[%clk 01:30:00]}
{[%emt 00:00:07]} 3. Bc4 {[%clk 01:30:00]} {[%emt 00:00:23]} Bc5 {[%clk
01:30:00]} {[%emt 00:00:20]} 4. c3 {[%clk 01:30:00]} {[%emt 00:00:17]} d6
{[%emt 00:00:11]} 5. h3 {[%emt 00:01:00]} h6 {[%clk 01:29:59]} {[%emt
00:00:23]} 6. d4 {[%clk 01:28:59]} {[%emt 00:01:12]} Bb6 {[%clk 01:29:35]}
{[%emt 00:00:28]} 7. dxe5 {[%clk 01:27:56]} {[%emt 00:01:20]} Nxe5 {[%emt
00:00:18]} 8. Nxe5 {[%emt 00:00:27]} dxe5 {[%clk 01:28:01]} {[%emt 00:00:06]} 9.
Qxd8+ {[%clk 01:27:53]} {[%emt 00:01:05]} Kxd8 {[%clk 01:27:32]} {[%emt
00:00:12]} 10. Bxf7 {[%clk 01:27:38]} {[%emt 00:00:53]} Ke7 {[%clk 01:26:49]}
{[%emt 00:00:30]} 11. Bb3 {[%clk 01:27:21]} {[%emt 00:00:49]} Nf6 {[%clk
01:26:44]} {[%emt 00:00:16]} 12. Nd2 {[%clk 01:25:53]} {[%emt 00:01:38]} Rf8
{[%clk 01:25:07]} {[%emt 00:00:50]} 13. f3 {[%clk 01:24:49]} {[%emt 00:02:11]}
a5 {[%clk 01:23:57]} {[%emt 00:00:36]} 14. a4 {[%clk 01:24:37]} {[%emt
00:01:05]} Bd7 {[%clk 01:22:20]} {[%emt 00:01:42]} 15. Nc4 {[%clk 01:23:49]}
{[%emt 00:01:04]} Bc5 {[%emt 00:01:21]} 16. Nxe5 {[%emt 00:00:50]} Kd8 {[%clk
01:16:02]} {[%emt 00:01:26]} 17. Ng6 {[%clk 01:20:06]} {[%emt 00:06:43]} Ke8
{[%clk 01:12:28]} {[%emt 00:03:44]} 18. Nxf8 {[%clk 01:19:00]} {[%emt
00:01:16]} Kxf8 {[%emt 00:00:14]} 19. Bf4 {[%emt 00:01:17]} c6 {[%clk
01:10:41]} {[%emt 00:00:27]} 20. O-O-O {[%clk 01:17:46]} {[%emt 00:01:23]} Ke7
{[%clk 01:09:10]} {[%emt 00:01:41]} 21. g4 {[%clk 01:15:23]} {[%emt 00:02:34]}
g5 {[%clk 01:06:53]} {[%emt 00:01:31]} 22. Bg3 {[%clk 01:14:54]} {[%emt
00:01:34]} Be3+ {[%clk 01:05:52]} {[%emt 00:01:10]} 23. Kb1 {[%clk 01:14:01]}
{[%emt 00:01:04]} Rd8 {[%clk 01:04:34]} {[%emt 00:01:27]} 24. Rhe1 {[%clk
01:12:43]} {[%emt 00:01:29]} Bf4 {[%clk 01:03:22]} {[%emt 00:01:22]} 25. Bxf4
{[%clk 01:12:28]} {[%emt 00:00:25]} gxf4 {[%clk 01:03:17]} {[%emt 00:00:15]} 26.
e5 {[%clk 01:11:57]} {[%emt 00:00:41]} Nd5 {[%clk 01:02:31]} {[%emt 00:00:56]}
27. Bxd5 {[%clk 01:11:14]} {[%emt 00:00:53]} cxd5 {[%clk 01:02:31]} {[%emt
00:00:06]} 28. b3 {[%clk 01:09:39]} {[%emt 00:01:45]} Be6 {[%clk 01:01:51]}
{[%emt 00:00:48]} 29. Rd4 {[%clk 01:08:01]} {[%emt 00:01:51]} Rf8 {[%clk
01:01:33]} {[%emt 00:00:29]} 30. b4 {[%clk 01:06:54]} {[%emt 00:01:17]} axb4
{[%emt 00:00:11]} 31. cxb4 {[%emt 00:00:13]} b6 {[%clk 01:00:10]} {[%emt
00:01:07]} 32. Rc1 {[%clk 01:05:30]} {[%emt 00:01:36]} Kd7 {[%clk 00:59:57]}
{[%emt 00:00:22]} 33. b5 {[%clk 01:05:08]} {[%emt 00:00:32]} Bf7 {[%clk
00:59:07]} {[%emt 00:01:00]} 34. Rc6 {[%clk 01:03:18]} {[%emt 00:02:01]} h5
{[%clk 00:54:28]} {[%emt 00:03:49]} 35. g5 {[%clk 01:02:41]} {[%emt 00:01:46]}
h4 {[%clk 00:52:43]} {[%emt 00:01:00]} 36. g6 {[%clk 01:02:34]} {[%emt
00:01:12]} Bg8 {[%clk 00:51:30]} {[%emt 00:01:23]} 37. g7 {[%clk 01:02:14]}
{[%emt 00:00:31]} Re8 {[%clk 00:50:43]} {[%emt 00:00:57]} 38. Rd6+ {[%clk
01:00:40]} {[%emt 00:01:43]} Kc7 {[%clk 00:50:14]} {[%emt 00:00:40]} 39. Rc6+
{[%clk 00:59:36]} {[%emt 00:01:13]} Kb7 {[%clk 00:50:12]} {[%emt 00:00:12]} 40.
Rxf4 {[%clk 00:59:07]} {[%emt 00:00:39]} Rxe5 {[%clk 00:50:11]} {[%emt
00:00:11]} 41. Rf8 {[%clk 00:58:46]} {[%emt 00:00:31]} Bh7+ {[%clk 00:50:04]}
{[%emt 00:00:18]} 42. Kc1 {[%clk 00:57:54]} {[%emt 00:01:01]} Re1+ {[%emt
00:00:06]} 43. Kd2 {[%emt 00:00:09]} Re7 {[%clk 00:49:10]} {[%emt 00:00:45]} 44.
g8=Q {[%clk 00:57:23]} {[%emt 00:00:46]} Bxg8 {[%emt 00:00:38]} 45. Rxg8 {[%emt
00:00:06]} d4 {[%clk 00:48:18]} {[%emt 00:00:19]} 46. Rd6 {[%clk 00:57:01]}
{[%emt 00:00:32]} Rc7 {[%clk 00:48:03]} {[%emt 00:00:25]} 47. Rxd4 {[%clk
00:56:51]} {[%emt 00:00:20]} Ka7 {[%clk 00:47:52]} {[%emt 00:00:21]} 48. f4
{[%clk 00:56:20]} {[%emt 00:00:41]} Rf7 {[%clk 00:47:46]} {[%emt 00:00:16]} 49.
f5 {[%clk 00:56:18]} {[%emt 00:00:12]} Rc7 {[%clk 00:47:39]} {[%emt 00:00:17]}
50. f6 {[%clk 00:56:14]} {[%emt 00:00:14]} Kb7 {[%clk 00:47:39]} {[%emt
00:00:11]} 51. Rg7 {[%clk 00:56:04]} {[%emt 00:00:19]} Kc8 {[%clk 00:47:11]}
{[%emt 00:00:39]} 52. Rxc7+ {[%clk 00:56:03]} {[%emt 00:00:11]} Kxc7 {[%clk
00:47:06]} {[%emt 00:00:15]} 53. f7 {[%clk 00:56:03]} {[%emt 00:00:05]} Kb7
{[%clk 00:47:03]} {[%emt 00:00:13]} 54. f8=Q {[%clk 00:55:58]} {[%emt
00:00:14]} Kc7 {[%clk 00:46:58]} {[%emt 00:00:16]} 55. Qe7+ {[%clk 00:55:52]}
{[%emt 00:00:16]} Kc8 {[%clk 00:46:57]} {[%emt 00:00:10]} 56. Rd8# {[%emt
00:00:09]} 1-0